000 00419pab a2200157 454500
008 180718b2001 xxu||||| |||| 00| 0 eng d
100 _aRoy, M.K.
245 _aStock market in a liberalised economy: Indian experience
260 _c2001
300 _ap.367-76
362 _a27 Jan
650 _aFinancial markets - India
650 _aFinancial markets
773 _aEconomic and Political Weekly
909 _a47686
999 _c47686
_d47686